[Event "Hessen-ch Gr-D 62nd"]
[Site "Hanau"]
[Date "2008.03.22"]
[Round "3"]
[White "Minarsch, Hans"]
[Black "Lauer, David"]
[Result "0-1"]
[WhiteElo "1617"]
[BlackElo "1655"]
[PlyCount "132"]
[EventDate "2008.03.21"]
[EventType "swiss"]
[EventRounds "5"]
[EventCountry "GER"]
[SourceTitle "CBM 123 Extra"]
[Source "ChessBase"]
[SourceDate "2008.05.06"]
[SourceVersion "1"]
[SourceVersionDate "2008.05.06"]
[SourceQuality "1"]

1. Nf3 Nf6 2. d4 g6 3. Nc3 d5 4. e3 Bg7 5. Bd3 0-0 6. h3 c6 7. Bd2 Nbd7 8. Ne2 b5 9. a4 Qb6 10. axb5 cxb5 11. Ba5 Qc6 12. Bb4 Re8 13. Nc3 Ba6 14. Ra5 Rab8 15. Qe2 e6 16. 0-0 Rec8 17. Rfa1 Rb6 18. Bc5 Nxc5 19. dxc5 b4 20. cxb6 Bxd3 21. Qxd3 axb6 22. Ra7 bxc3 23. b3 Ne4 24. Nd4 Qc5 25. Ra8 Be5 26. Rxc8+ Qxc8 27. Qa6 Qc5 28. Qa8+ Kg7 29. Qc6 Bxd4 30. Qxc5 Bxc5 31. Kf1 e5 32. Ke2 d4 33. Ra4 b5 34. Ra5 Nd6 35. Ra6 Kf6 36. b4 Bxb4 37. exd4 exd4 38. Kd3 Ke5 39. f4+ Kd5 40. Ra8 h5 41. Rd8 Bc5 42. g4 hxg4 43. hxg4 Kc6 44. Rh8 Kd7 45. Rh1 Nc4 46. f5 gxf5 47. gxf5 f6 48. Ke4 Kd6 49. Ra1 Bb6 50. Ra8 Ne3 51. Rf8 Nxc2 52. Rxf6+ Kc5 53. Rxb6 Ne3 54. Rxb5+ Kxb5 55. f6 c2 56. f7 c1Q 57. f8Q Nc2 58. Qb8+ Ka4 59. Qa7+ Kb3 60. Qb6+ Ka2 61. Qe6+ Kb1 62. Qb3+ Qb2 63. Qxb2+ Kxb2 64. Kd3 Kb3 65. Kd2 Nb4 66. Kc1 Kc3 0-1

[Event "Hessen-ch Gr-D 62nd"]
[Site "Hanau"]
[Date "2008.03.21"]
[Round "2"]
[White "Lauer, David"]
[Black "Heckwolf, Thomas"]
[Result "0-1"]
[WhiteElo "1655"]
[BlackElo "1513"]
[PlyCount "72"]
[EventDate "2008.03.21"]
[EventType "swiss"]
[EventRounds "5"]
[EventCountry "GER"]
[SourceTitle "CBM 123 Extra"]
[Source "ChessBase"]
[SourceDate "2008.05.06"]
[SourceVersion "1"]
[SourceVersionDate "2008.05.06"]
[SourceQuality "1"]

1. e4 e5 2. Nf3 Nc6 3. Bb5 d6 4. 0-0 Nf6 5. Re1 Bd7 6. c3 g6 7. d4 Bg7 8. Nbd2 exd4 9. cxd4 0-0 10. Nf1 Re8 11. Ng3 Bg4 12. Bxc6 bxc6 13. Bd2 Nh5 14. Bc3 Nxg3 15. hxg3 Qd7 16. Qd3 Bxf3 17. gxf3 Rab8 18. Kg2 d5 19. e5 Qe6 20. f4 f6 21. Qd2 fxe5 22. fxe5 Rf8 23. Bb4 Rf7 24. Rac1 Bf8 25. Bc5 Bxc5 26. Rxc5 Rbf8 27. Re2 Rf5 28. f4 Rh5 29. Kf3 g5 30. Rh2 Rxh2 31. Qxh2 Qg6 32. Qc2 Qh5+ 33. Ke3 gxf4+ 34. gxf4 Qh3+ 35. Kd2 Rxf4 36. Rc3 Rf2+ 0-1

[Event "Hessen-ch qual-D"]
[Site "Erlensee"]
[Date "2007.04.06"]
[Round "4"]
[White "Jordake, Michael"]
[Black "Lauer, David"]
[Result "0-1"]
[WhiteElo "1571"]
[BlackElo "1647"]
[PlyCount "72"]
[EventDate "2007.04.06"]
[EventType "swiss"]
[EventRounds "5"]
[EventCountry "GER"]
[SourceTitle "CBM 117 Extra"]
[Source "ChessBase"]
[SourceDate "2007.05.09"]
[SourceVersion "1"]
[SourceVersionDate "2007.05.09"]
[SourceQuality "1"]

1. e4 c5 2. Nc3 d6 3. g3 Nf6 4. Bg2 Nc6 5. d3 g6 6. Nge2 Bg7 7. 0-0 0-0 8. h3 a6 9. f4 e5 10. Bd2 Nd4 11. Nxd4 cxd4 12. Ne2 Bd7 13. Bb4 Qb6 14. fxe5 Qxb4 15. exf6 Bh6 16. b3 Rac8 17. Nf4 Be6 18. Nxe6 fxe6 19. Qf3 Rf7 20. Qg4 Rxc2 21. Rad1 e5 22. h4 Qb5 23. h5 Qd7 24. Qf3 Rxa2 25. g4 Bf4 26. Bh3 g5 27. Rde1 Rxf6 28. Qd1 Rd2 29. Qb1 Qb5 30. Rc1 Rxd3 31. Rc8+ Rf8 32. Rxf8+ Kxf8 33. Rxf4+ gxf4 34. Bf1 Rg3+ 35. Kf2 Qxb3 36. Qc1 Qe3+ 0-1